Réalisme et fondation chez A. Reinach (notice n° 1648563)
[ vue normale ]
| 000 -LEADER | |
|---|---|
| fixed length control field | 01253cam a2200169 4500500 |
| 005 - DATE AND TIME OF LATEST TRANSACTION | |
| control field | 20260208003712.0 |
| 041 ## - LANGUAGE CODE | |
| Language code of text/sound track or separate title | fre |
| 042 ## - AUTHENTICATION CODE | |
| Authentication code | dc |
| 100 10 - MAIN ENTRY--PERSONAL NAME | |
| Personal name | Mayrhofer, Philipp |
| Relator term | author |
| 245 00 - TITLE STATEMENT | |
| Title | Réalisme et fondation chez A. Reinach |
| 260 ## - PUBLICATION, DISTRIBUTION, ETC. | |
| Date of publication, distribution, etc. | 2005.<br/> |
| 500 ## - GENERAL NOTE | |
| General note | 80 |
| 520 ## - SUMMARY, ETC. | |
| Summary, etc. | Dans cet article, l’auteur essaie de souligner la portée phénoménologique de la doctrine des essences d’Adolf Reinach. Loin de représenter un simple retour au platonisme des idées, le projet reinachien porte selon lui, au travers d’une déduction d’une phénoménalité spécifique des essences, l’idée de constitution, comme, a fortiori, celle de fondation ontologique, à leurs limites. |
| 520 ## - SUMMARY, ETC. | |
| Summary, etc. | This article aims to point out the phenomenological impact of Adolf Reinach’s doctrine of essences. Far from being a simple return to Plato’s universe of ideas, Reinach’s project shows through the deduction of a specific phenomenality of essences the limits of the idea of constitution and a fortiori of the ontological foundation. |
| 786 0# - DATA SOURCE ENTRY | |
| Note | Les Études philosophiques | 72 | 1 | 2005-03-01 | p. 3-18 | 0014-2166 |
| 856 41 - ELECTRONIC LOCATION AND ACCESS | |
| Uniform Resource Identifier | <a href="https://shs.cairn.info/revue-les-etudes-philosophiques-2005-1-page-3?lang=fr&redirect-ssocas=7080">https://shs.cairn.info/revue-les-etudes-philosophiques-2005-1-page-3?lang=fr&redirect-ssocas=7080</a> |
Pas d'exemplaire disponible.




Réseaux sociaux